Sports Quiz

Random Sports or Soccer Quiz
Score 0/40 Timer 07:00
0 Plays Today
Period on Team Player % Correct
2003-PresentLionel Messi
99%
2004-2009Samuel Etoo
84.2%
2003-2008Ronaldinho
83.5%
1998-PresentXavi
82.3%
1997-2002Rivaldo
78.1%
1998-2004Patrick Kluivert
70%
2007-PresentPedro
68.7%
1990-1995 and 1996-1998Hristo Stoichkov
64.5%
1996-2004Luis Enrique
56.1%
1973-1978Johan Cruyff
54.5%
1952-1961Luis Suarez
53.2%
1989-1995Ronald Koeman
47.1%
2001-2004 and 2006/2007Saviola
45.8%
1950-1961Lazlo Kubala
44.2%
1989-1994Michael Laudrup
38.7%
1988-1997Jose Mari Bakero
30.3%
1988-1994Julio Salinas
28.4%
1988-1998Guillermo Amor
27.4%
1939/1940 and 1942-1955Cesar Rodriguez
27.1%
1961-1966Cayetano Re
22.3%
Period on Team Player % Correct
1988-1997Txiki Begiristain
21.6%
1965-1981Rexach
17.4%
1980-1988Bernd Schuster
15.8%
1958-1966Sandor Kocsis
13.2%
1978/1984Quini
12.9%
1939-1948Martin
7.7%
1977-1989Francisco Carrasco
6.8%
1955-1962Eulogio Martinez
6.1%
1946-1958Basora
5.8%
1970-1981Juan Manuel de Asensi
5.8%
1948-1957Eduardo Manchon
4.2%
1934-1936 and 1940-1948Escola
1.9%
1961-1972Fuste
1.9%
1957-1962Evaristo de Macedo
1.3%
1961-1969Pereda
1%
1960-1971Zaldua
0.6%
1953-1961Tejada
0.6%
1954-1963Villaverde
0.6%
1969-1978Marcial
0.6%
1973-1978Clares
0.6%
Remove Ads.
Support Sporcle.
Get the best of Sporcle when you Go Orange. This ad-free experience offers more features, more stats, and more fun while also helping to support Sporcle. Thank you for becoming a member.

You're not logged in!

Compare scores with friends on all Sporcle quizzes.
OR
Log In

Show Comments

Extras

Top Quizzes Today


Score Distribution

Your Account Isn't Verified!

In order to create a playlist on Sporcle, you need to verify the email address you used during registration. Go to your Sporcle Settings to finish the process.

Report this User

Report this user for behavior that violates our Community Guidelines.

Details: